A un amico fraterno : lettere a Bonaventura Tecchi /

Kaydedildi:
Detaylı Bibliyografya
Yazar: Gadda, Carlo Emilio (Yazar)
Diğer Yazarlar: Carlino, Marcello (Editör)
Materyal Türü: Kitap
Dil:İtalyanca
Baskı/Yayın Bilgisi: Milano : Garzanti, 1984
Seri Bilgileri:Le mosche bianche
Konular:
Etiketler: Etiketle
Etiket eklenmemiş, İlk siz ekleyin!

MARC

LEADER 00000nam a22000007i 4500
001 IT\ICCU\RAV\0087995
003 ItRI
005 20260115232239.0
008 900130s1984 it |||||| ||||| |||||c
015 |2 IT  |a 848212 
040 |b ita  |c importazione bologna sebina 
041 7 |a ita  |2 ISO-639-2 
082 |a 853.914  |9 NARRATIVA ITALIANA, 1945-1999  |2 23 
100 1 |a Gadda, Carlo Emilio  |0 IT\ICCU\CFIV\000056  |4 aut 
240 1 0 |a A un amico fraterno  |3 IT\ICCU\BVE\0915366  |9 Gadda, Carlo Emilio 
245 1 0 |a A un amico fraterno :  |b lettere a Bonaventura Tecchi /  |c Carlo Emilio Gadda ; a cura di Marcello Carlino. 
260 |a Milano :  |b Garzanti,  |c 1984 
300 |a 155 p. ;  |c 22 cm. 
650 7 |a Gadda, Carlo Emilio  |x Lettere e carteggi  |x Lettere a Bonaventura Tecchi  |2 scbi 
700 1 |a Carlino, Marcello  |0 IT\ICCU\CFIV\007570  |4 edt 
700 1 |a Tecchi, Bonaventura  |0 IT\ICCU\CFIV\058460  |4 aqt 
790 1 |a Gada, Karlo Emilio  |3 IT\ICCU\SBNV\057684  |z Gadda, Carlo Emilio 
830 3 |a Le mosche bianche  |0 IT\ICCU\CFI\0002729 
942 |2 ddc  |c BK  |n 0 
952 |0 0  |1 0  |4 0  |6 DOC_856_910000000000000_GAD  |7 0  |9 22827  |a BO  |b BO  |d 2026-01-15  |i 605  |l 0  |o DOC 856.91 GAD  |p BO605  |r 2026-01-15 23:22:39  |w 2026-01-15  |x [Sebina 5] [1 v.]  |y BK  |z 1 v. 
999 |c 19483  |d 19483